Szczegóły MARC21

Sarmatische Zeit : Erinnerung und Zukunft : Dokumentation des Johannes Bobrowski Colloquiums 1989 in der Akademie Sankelmark /

003 -Nazwa inst., której nr kontr. jest w polu 001 [,]
    • @
    • Nazwa instytucji, której n kontrolny jest w polu 001
    • NUKAT
005 -DATA I CZAS OSTATNIEJ MODYFIKACJI [,]
    • @
    • pole kontrolne
    • 20241231090741.0
020 -Międzynarod. znormalizowany nr książki - ISBN [ , ]
    • a
    • Numer ISBN
    • 3884170627 Find
040 -Instytucja sporządzająca opis [ , ]
    • a
    • Instytucja, która sporządziła opis (NP)
    • KR U/84BK
    • b
    • Język katalogowania
    • pol
    • e
    • Zasady katalogowania
    • rda
    • c
    • Instytucja, która sporządziła rekord (NP)
    • KR U/84BK
    • d
    • Instytucja, która zmodyfikowała rekord (P)
    • KR U/84BK
    • d
    • Instytucja, która zmodyfikowała rekord (P)
    • SZCZ U/JS
    • d
    • Instytucja, która zmodyfikowała rekord (P)
    • SZCZ U/ABs
942 -Rodzaj dokumentu [ , ]
    • c
    • Rodzaj dokumentu
    • Książka
111 -Hasło główne - nazwa imprezy [2, ]
    • a
    • Nazwa imprezy (NP)
    • Johannes Bobrowski Colloquium Find
    • d
    • Data imprezy (NP)
    • (1989 ;
    • c
    • Miejsce imprezy (NP)
    • Sankelmark).
    • 9
    • KHW
    • 94805
245 -Strefa tytułu i oznaczenia odpowiedzialności [1,0]
    • a
    • Tytuł
    • Sarmatische Zeit : Find
    • b
    • Ciąg dalszy tytułu (NP)
    • Erinnerung und Zukunft : Dokumentation des Johannes Bobrowski Colloquiums 1989 in der Akademie Sankelmark / Find
    • c
    • Pozostałe elementy strefy tytułu i oznaczenia odpowiedzialności (NP)
    • herausgegeben von Alfred Kelletat.
250 -Strefa wydania [ , ]
    • a
    • Oznaczenie wydania (NP)
    • 2, unveränderte Auflage.
260 -Strefa adresu wydawniczego [ , ]
    • a
    • Miejsce wydania (P)
    • Sankelmark :
    • b
    • Nazwa wydawcy (P)
    • Akademie Sankelmark,
    • c
    • Data wydania (P)
    • 1991.
300 -Strefa opisu fizycznego [ , ]
    • a
    • Określenie formy książki i/lub objętość (NP)
    • 143 strony :
    • b
    • Oznaczenie ilustracji (NP)
    • ilustracje ;
    • c
    • Format (NP)
    • 21 cm.
336 -Typ zawartości [ , ]
    • a
    • Termin opisujący typ zawartości
    • Tekst
    • b
    • Kod określający zawartość
    • txt
    • 2
    • Źródło (terminu i kodu)
    • rdacontent
337 -Typ mediów [ , ]
    • a
    • Tryb odtwarzania
    • Bez urządzenia pośredniczącego
    • b
    • Kod typu mediów
    • n
    • 2
    • Źródło (terminu i kodu)
    • rdamedia
338 -Typ/rodzaj nośnika [ , ]
    • a
    • Hasło opisujące typ nośnika
    • Wolumin
    • b
    • Kod typu nośnika
    • nc
    • 2
    • Źródło (terminu i kodu)
    • rdacarrier
490 -Strefa serii i książki wielotomowej - forma nie do wyszukiwania [1, ]
    • a
    • Tytuł (P)
    • Schriftenreihe der Akademie Sankelmark ; Find
    • v
    • Numeracja (P)
    • N.F., H. 69
830 -Hasło dodatkowe serii i opisu książki wielotomowej - tytuł ujednolicony/tytuł [ ,0]
    • a
    • Tytuł ujednolicony/tytuł (NP)
    • Schriftenreihe der Akademie Sankelmark
    • v
    • Oznaczenie tomu (NP)
    • N.F., H. 69
    • 9
    • KHW
    • 94806
080 -Uniwersalna Klasyfikacja Dziesiętna [ , ]
    • a
    • Symbol klasyfikacji
    • 821.112.2(091)A/Z
    • 2
    • Identyfikator wydania tablic
    • UDC-P058
    • 9
    • UKD
    • 8139
    • b
    • Dopowiedzenie
    • Literatura niemiecka (historia). Poszczególni pisarze.
    • 4
    • UKD2
    • 8230
    • x
    • Poddział wspólny
    • "19"
    • c
    • Dopowiedzenie poddz. wspólnego
    • Wiek XX.
    • 4
    • UKD2
    • 7641
    • x
    • Poddział wspólny
    • (061)
    • c
    • Dopowiedzenie poddz. wspólnego
    • (Wydawnictwa odnoszące się do konferencji, zjazdów itd. Sprawozdania z konferencji).
    • 4
    • UKD2
    • 7631
    • x
    • Poddział wspólny
    • =112.2
    • c
    • Dopowiedzenie poddz. wspólnego
    • =Język niemiecki (wysokoniemiecki, standardowy niemiecki).
600 -Hasło przedmiotowe w formie nazwy osobowej [1,7]
    • a
    • Nazwa osobowa
    • Bobrowski, Johannes
    • d
    • Daty związane z nazwą
    • (1917-1965)
    • x
    • Określnik rzeczowy
    • krytyka i interpretacja
    • v
    • Określnik formalny
    • konferencje.
    • 2
    • Źródło terminu
    • kaba
    • 9
    • KHW
    • 589553
980 -Symbol UKD [ , ]
    • a
    • UKD
    • 821.112.2(091)"19" Bobrowski J.(061)=112.2
700 -Hasło dodatkowe - nazwa osobowa [1, ]
    • a
    • Nazwa osobowa (NP)
    • Kelletat, Alfred Find
    • d
    • Daty biograficzne (NP)
    • (1916-1995).
    • e
    • Określenie rodzaju współpracy
    • Redakcja
    • 9
    • KHW
    • 94804
920 -ISBN [ , ]
    • a
    • ISBN
    • 3-88417-062-7 Find
Numer inwentarzowy Status udost. Data inwentaryzacji Lokalizacja Sygnatura
G.12134-31996-10-21BMGerm. Literaturozn.-Bobrowski 03